[Event "TUR-chT2"]
[Site "Konya"]
[Date "2017.07.11"]
[Round "4.1"]
[White "Yolcu, Anil"]
[Black "Aydogdu, Cagatay"]
[Result "0-1"]
[WhiteElo "1861"]
[BlackElo "1750"]
[PlyCount "80"]
[EventDate "2017.07.09"]
[EventType "team-swiss"]
[EventRounds "9"]
[EventCountry "TUR"]
[SourceTitle "CBM 179 Extra"]
[Source "ChessBase"]
[SourceDate "2017.08.23"]
[SourceVersion "1"]
[SourceVersionDate "2017.08.23"]
[SourceQuality "1"]
[WhiteTeam "Ankara DSI Genclik"]
[BlackTeam "Pendik Dernegi"]
[WhiteTeamCountry "TUR"]
[BlackTeamCountry "TUR"]

1. e4 c5 2. Nf3 Nc6 3. d4 cxd4 4. Nxd4 Qb6 5. Nb3 Nf6 6. Nc3 e6 7. g3 Bb4 8. Be3 Qc7 9. Bg2 b6 10. 0-0 Ba6 11. Re1 Bxc3 12. bxc3 Rc8 13. Bf4 e5 14. Bc1 0-0 15. Ba3 Rfe8 16. Bd6 Qd8 17. f4 h6 18. Nd2 exf4 19. gxf4 Na5 20. e5 Nh7 21. Qg4 Rxc3 22. Ne4 Rc8 23. Re3 Kh8 24. Rg3 Rg8 25. Rh3 Bc4 26. Rd1 f5 27. exf6 gxf6 28. Qh5 Qe8 29. Qxh6 Rxg2+ 30. Kxg2 Qxe4+ 31. Kg1 Rg8+ 32. Rg3 Qe3+ 33. Kh1 Rxg3 34. hxg3 Qf3+ 35. Kh2 Qe2+ 36. Kh3 Be6+ 37. g4 Bxg4+ 38. Kg3 Qxd1 39. Bf8 Qg1+ 40. Kh4 Bf5 0-1

[Event "TUR-chT2"]
[Site "Konya"]
[Date "2017.07.09"]
[Round "1"]
[White "Polat, Ali Gorkem"]
[Black "Yolcu, Anil"]
[Result "1-0"]
[WhiteElo "1456"]
[BlackElo "1861"]
[PlyCount "89"]
[EventDate "2017.07.09"]
[EventType "team-swiss"]
[EventRounds "9"]
[EventCountry "TUR"]
[SourceTitle "CBM 179 Extra"]
[Source "ChessBase"]
[SourceDate "2017.08.23"]
[SourceVersion "1"]
[SourceVersionDate "2017.08.23"]
[SourceQuality "1"]
[WhiteTeam "Karaman Akademi"]
[BlackTeam "Ankara DSI Genclik"]
[WhiteTeamCountry "TUR"]
[BlackTeamCountry "TUR"]

1. d4 Nf6 2. Nf3 g6 3. e3 Bg7 4. Bd3 d6 5. b3 0-0 6. Bb2 Nc6 7. a3 Re8 8. c4 e5 9. d5 Ne7 10. e4 Nh5 11. 0-0 Nf4 12. Bc2 Bg4 13. h3 Bh5 14. Kh2 Bxf3 15. Qxf3 Qd7 16. Nc3 Rf8 17. Ne2 f5 18. exf5 Nxf5 19. Nxf4 Nd4 20. Bxd4 Rxf4 21. Qe3 Rxd4 22. Rad1 Rf4 23. g3 Bh6 24. Qc3 Rf6 25. c5 Raf8 26. c6 Qf7 27. cxb7 Rxf2+ 28. Rxf2 Qxf2+ 29. Kh1 Be3 30. Be4 Qxg3 31. Bg2 Qg5 32. Qxc7 Qd8 33. Qxd8 Rxd8 34. Bf1 Kf7 35. Rd3 Bd4 36. Rd2 Rb8 37. Ba6 Ke7 38. Rc2 Bc5 39. b4 Kd7 40. bxc5 e4 41. cxd6 e3 42. Kg2 Rf8 43. Bb5+ Kxd6 44. Rc8 Rf2+ 45. Kg1 1-0

[Event "EU-ch U10 25th"]
[Site "Porec"]
[Date "2015.09.30"]
[Round "9"]
[White "Pajcin, Lav"]
[Black "Yolcu, Anil"]
[Result "0-1"]
[WhiteElo "1794"]
[BlackElo "1395"]
[PlyCount "66"]
[EventDate "2015.09.21"]
[EventType "swiss"]
[EventRounds "9"]
[EventCountry "CRO"]
[SourceTitle "EXT 2016"]
[Source "ChessBase"]
[SourceDate "2015.10.08"]
[SourceVersion "1"]
[SourceVersionDate "2015.10.08"]
[SourceQuality "1"]

1. e4 e5 2. Nf3 Nc6 3. Bc4 Bc5 4. Nc3 Nf6 5. d3 h6 6. Be3 Bb6 7. h3 d6 8. 0-0 g5 9. Nh2 Rg8 10. Bxb6 axb6 11. Nd5 Nd4 12. c3 Ne6 13. Nxf6+ Qxf6 14. Ng4 Qg6 15. Ne3 c6 16. Bxe6 Bxe6 17. g4 0-0-0 18. Nf5 Bxf5 19. exf5 Qf6 20. a4 h5 21. f3 Rh8 22. Kg2 d5 23. Qb3 e4 24. fxe4 dxe4 25. d4 hxg4 26. hxg4 Qd6 27. Rh1 Qf4 28. Qd1 Rxh1 29. Qxh1 Qxg4+ 30. Kf2 Qxf5+ 31. Ke2 Qg4+ 32. Kf2 Qf4+ 33. Ke2 c5 0-1

[Event "EU-ch U10 25th"]
[Site "Porec"]
[Date "2015.09.25"]
[Round "5"]
[White "Yolcu, Anil"]
[Black "Zlatanovic, Marcus"]
[Result "1-0"]
[WhiteElo "1395"]
[BlackElo "1207"]
[PlyCount "69"]
[EventDate "2015.09.21"]
[EventType "swiss"]
[EventRounds "9"]
[EventCountry "CRO"]
[SourceTitle "EXT 2016"]
[Source "ChessBase"]
[SourceDate "2015.10.08"]
[SourceVersion "1"]
[SourceVersionDate "2015.10.08"]
[SourceQuality "1"]

1. e4 c5 2. Nf3 d6 3. Bb5+ Nd7 4. d4 cxd4 5. Qxd4 a6 6. Bxd7+ Qxd7 7. Bg5 e6 8. Nc3 Be7 9. Qxg7 Bxg5 10. Qxh8 Bf6 11. Qxg8+ Ke7 12. Ng5 Bxc3+ 13. bxc3 Qb5 14. Qxf7+ Kd8 15. Qg8+ Kc7 16. Nxe6+ Kb6 17. Qd8+ Ka7 18. Nc7 Qb2 19. 0-0 Rb8 20. Qxd6 b6 21. h3 Qxc3 22. Rab1 Bxh3 23. Rb3 Qg7 24. Rxh3 Rg8 25. Rg3 Qf7 26. Rxg8 Qxg8 27. Rb1 Qb8 28. c4 Qb7 29. c5 b5 30. a4 b4 31. c6 Qc8 32. Qd7 Qb8 33. Rxb4 a5 34. Ne6+ Ka6 35. Nc5# 1-0

[Event "EU-ch U10 25th"]
[Site "Porec"]
[Date "2015.09.23"]
[Round "3"]
[White "Yolcu, Anil"]
[Black "Dolgun, Can"]
[Result "0-1"]
[WhiteElo "1395"]
[BlackElo "1620"]
[PlyCount "74"]
[EventDate "2015.09.21"]
[EventType "swiss"]
[EventRounds "9"]
[EventCountry "CRO"]
[SourceTitle "EXT 2016"]
[Source "ChessBase"]
[SourceDate "2015.10.08"]
[SourceVersion "1"]
[SourceVersionDate "2015.10.08"]
[SourceQuality "1"]

1. e4 e5 2. Nf3 Nc6 3. Bc4 Nf6 4. d3 Bc5 5. c3 a6 6. 0-0 d6 7. Bb3 Ba7 8. h3 h6 9. Re1 g5 10. d4 g4 11. hxg4 Nxg4 12. Be3 Qf6 13. dxe5 Ncxe5 14. Bxa7 Rxa7 15. Nbd2 Rg8 16. Rf1 Qg7 17. g3 Ne3 18. Qe2 Nxf1 19. Rxf1 Ra8 20. Nxe5 Qxe5 21. Nc4 Qc5 22. Kg2 Be6 23. Rh1 Qg5 24. Rh5 Qg6 25. Rh4 Kd7 26. Qd3 Bxc4 27. Qxc4 Rg7 28. Rf4 Rf8 29. Qd5 c6 30. Qd4 Re8 31. Bc2 Re5 32. Qa7 Kc7 33. b4 Qg5 34. Rf3 Qd2 35. Bb3 Rxe4 36. Bxf7 Rf4 37. Rxf4 Qxf4 0-1